All U.S. Supreme Court Justices Ever - Statistics

General Stats
  • This quiz has been taken 11,870 times
    8,324 since last reset
  • The average score is 32 of 116
Answer Stats
Years Appointed by Justice % Correct
1993–2020 Clinton Ruth Bader Ginsburg
86%
1991– G. H. W. Bush Clarence Thomas
84%
2022– Biden Ketanji Brown Jackson
83%
1893–1895 B. Harrison Howell Jackson
80%
1941–1954 F. D. Roosevelt Robert H. Jackson
80%
2009– Obama Sonia Sotomayor
76%
2005– G. W. Bush John Roberts
75%
1930–1945 Hoover Owen Roberts
74%
2018– Trump Brett Kavanaugh
72%
2020– Trump Amy Coney Barrett
69%
1801–1835 John Adams John Marshall
69%
1921–1930 Harding William Taft
69%
1967–1991 L. B. Johnson Thurgood Marshall
69%
2006– G. W. Bush Samuel Alito
65%
2010– Obama Elena Kagan
64%
2017– Trump Neil Gorsuch
63%
1986–2016 Reagan Antonin Scalia
62%
1988–2018 Reagan Anthony Kennedy
61%
1981–2006 Reagan Sandra Day O'Connor
60%
1792–1793 Washington Thomas Johnson
58%
1804–1834 Jefferson William Johnson
58%
1789–1795 Washington John Jay
52%
1994–2022 Clinton Stephen Breyer
50%
1953–1969 Eisenhower Earl Warren
48%
1937–1971 F. D. Roosevelt Hugo Black
45%
1891–1906 B. Harrison Henry Brown
44%
1972–2005 Nixon William Rehnquist
44%
1962–1993 Kennedy Byron White
43%
1894–1921 Cleveland Edward White
43%
1990–2009 G. H. W. Bush David Souter
38%
1969–1986 Nixon Warren Burger
38%
1975–2010 Ford John Paul Stevens
38%
1798–1829 John Adams Bushrod Washington
37%
1789–1798 Washington James Wilson
35%
1836–1864 Jackson Roger B. Taney
30%
1970–1994 Nixon Harry Blackmun
26%
1916–1939 Wilson Louis Brandeis
26%
1902–1932 T. Roosevelt Oliver Holmes
26%
1864–1873 Lincoln Salmon P. Chase
25%
1796–1811 Washington Samuel Chase
25%
1939–1975 F. D. Roosevelt William O. Douglas
25%
1910–1916 1930–1941 Taft Charles Hughes
24%
1877–1911 Hayes John Harlan
23%
1955–1971 Eisenhower John Harlan II
23%
1862–1877 Lincoln David Davis
22%
1939–1962 F. D. Roosevelt Felix Frankfurter
22%
1823–1843 Monroe Smith Thompson
22%
1965–1969 L. B. Johnson Abe Fortas
21%
1925–1946 Coolidge Harlan F. Stone
21%
1972–1987 Nixon Lewis F. Powell
21%
1958–1981 Eisenhower Potter Stewart
21%
1956–1990 Eisenhower William J. Brennan
21%
1862–1890 Lincoln Samuel Miller
20%
1916–1922 Wilson John Clarke
19%
1949–1967 Truman Tom C. Clark
19%
1789–1791 1795 Washington John Rutledge
18%
1837–1852 Van Buren John McKinley
18%
1943–1949 F. D. Roosevelt Wiley Rutledge
18%
1962–1965 Kennedy Arthur Goldberg
17%
1932–1938 Hoover Benjamin N. Cardozo
17%
1946–1953 Truman Fred M. Vinson
17%
1903–1922 T. Roosevelt William R. Day
17%
1882–1902 Arthur Horace Gray
15%
1800–1804 John Adams Alfred Moore
14%
1888–1910 Cleveland Melville Fuller
14%
1874–1888 Grant Morrison Waite
13%
1796–1800 Washington Oliver Ellsworth
13%
1812–1845 Madison Joseph Story
13%
1940–1949 F. D. Roosevelt Frank Murphy
12%
1914–1941 Wilson James McReynolds
12%
1835–1867 Jackson James Wayne
12%
1911–1916 Taft Joseph Lamar
12%
1888–1893 Cleveland Lucius Lamar
12%
1842–1860 Van Buren Peter Daniel
12%
1923–1939 Harding Pierce Butler
12%
1938–1957 F. D. Roosevelt Stanley Reed
12%
1863–1897 Lincoln Stephen Field
12%
1789–1810 Washington William Cushing
12%
1957–1962 Eisenhower Charles Whittaker
11%
1922–1938 Harding George Sutherland
11%
1945–1958 Truman Harold Burton
11%
1941–1942 F. D. Roosevelt James F. Byrnes
11%
1789–1795 Washington John Blair, Jr.
11%
1845–1872 Tyler Samuel Nelson
11%
1881–1889 Garfield Stanley Matthews
11%
1873–1882 Grant Ward Hunt
11%
1793–1806 Washington William Paterson
11%
1911–1937 Taft Willis Van Devanter
11%
1851–1857 Fillmore Benjamin Curtis
10%
1890–1910 B. Harrison David Brewer
10%
1923–1930 Harding Edward Sanford
10%
1807–1823 Jefferson Henry Livingston
10%
1790–1799 Washington James Iredell
10%
1853–1861 Pierce John Campbell
10%
1829–1861 Jackson John McLean
10%
1898–1925 McKinley Joseph McKenna
10%
1881–1887 Hayes William Burnham Woods
10%
1870–1880 Grant William Strong
10%
1830–1844 Jackson Henry Baldwin
9%
1870–1892 Grant Joseph P. Bradley
9%
1912–1922 Taft Mahlon Pitney
9%
1862–1881 Lincoln Noah Swayne
9%
1949–1956 Truman Sherman Minton
9%
1807–1826 Jefferson Thomas Todd
9%
1906–1910 T. Roosevelt William Moody
9%
1811–1835 Madison Gabriel Duvall
8%
1910–1914 Taft Horace Lurton
8%
1845–1851 Polk Levi Woodbury
8%
1858–1881 Buchanan Nathan Clifford
8%
1836–1841 Jackson Philip Barbour
8%
1846–1870 Polk Robert Grier
8%
1896–1909 Cleveland Rufus Peckham
8%
1892–1903 B. Harrison George Shiras, Jr.
7%
1837–1865 Jackson John Catron
7%
1826–1828 John Q. Adams Robert Trimble
7%
1882–1893 Arthur Samuel Blatchford
7%
No matching quizzes found
Score Distribution
Percent of People with Each Score
Percentile by Number Answered
Your Score History
You have not taken this quiz since the last reset